00969 2200325 4500001002100000005001500021035002000036007000300056008004100059020002200100082001500122084001700137100002200154245011800176250003400294260003600328300004600364650001500410650002200425650002300447700001100470700002100481040001700502090001900519850001200538041000800550490004900558990001800607990001800625INLIS00000000081772420181115091727 a0010-1118000070ta181106s2018 jbia b 6 1 ind d a978-602-6633-79-804223a297.63 a297.63 WIW t0 aWiwien Widyawanti1 aTahun gajah :bkapan, ya, Nabi Muhammad lahir? /cWiwien Widyawanti; ilustrator, Meol's; editor, Irmelia Virgiani aCetakan pertama, Januari 20183 aBandung :bPelangi Mizan,c2018 a20 halaman :bilustrasi berwarna ;c18 cm 4aAhlul bait 4aNabi Muhammad SAW 4aBacaan kanak-kanak0 aMeol's0 aIrmelia Virgiani aYOPDYOGbind aK 297.63 WIW t aYOPDYOG0 aind aSeri halo balita: Kisah hidup Rasulullah SAW a36548-PD/B.18 a36549-PD/B.18